书目信息 |
| 题名: |
揭傒斯全集
|
|
| 作者: | 揭傒斯 著 | |
| 分册: | ||
| 出版信息: | 上海 上海古籍出版社 1985.06 |
|
| 页数: | 510页 | |
| 开本: | 20cm | |
| 丛书名: | 中国古典文学丛书 | |
| 单 册: | ||
| 中图分类: | I214.72 | |
| 科图分类: | ||
| 主题词: | 文学--作品集--中国 | |
| 电子资源: | ||
| ISBN: | ||
| 000 | 00656nam0 2200241 45 | |
| 001 | 0306021508 | |
| 005 | 20040414182210.3 | |
| 010 | @dCNY3.95 | |
| 091 | @a10186.526 | |
| 100 | @a20030602d1985 km y0chiy0120 ea | |
| 101 | 0 | @achi |
| 105 | @a z 000zy | |
| 200 | 1 | @a揭傒斯全集@AJie Xi Si Quan Ji@f(元)揭傒斯著@F(Yuan)Jie Xi Si Zhu |
| 210 | @a上海@c上海古籍出版社@d1985.06 | |
| 215 | @a510页@d20cm | |
| 225 | @a中国古典文学丛书 | |
| 300 | @a附录:传纪等 | |
| 410 | @12001 @a中国古典文学丛书 | |
| 606 | 0 | @a文学@x作品集@x中国 |
| 690 | @aI214.72@v3 | |
| 701 | 0 | @a揭傒斯@4著 |
| 801 | @aCN@bTSTC@c20030602 | |
| 905 | @dI214.72@e154@f1@b260189 | |
| 揭傒斯全集/(元)揭傒斯著.-上海:上海古籍出版社,1985.06 |
| 510页;20cm.-(中国古典文学丛书) |
| 附录:传纪等 |
| ISBN :CNY3.95 |
| ● |
| 相关链接 |
|
|
|
|
正题名:揭傒斯全集
索取号:I214.72/154
 
预约/预借
| 序号 | 登录号 | 条形码 | 馆藏地/架位号 | 状态 | 备注 |
| 1 | 0140983 | 001785241 | 密集书库/ [索取号:I214.72/154] | 在馆 | |
| 2 | 0140984 | 000227276 | 密集书库/ [索取号:I214.72/154] | 在馆 | |
| 3 | 0140985 | 000227258 | 第二借阅区/ [索取号:I214.72/154] | 在馆 | |
| 4 | 0140986 | 001785321 | 密集书库/ [索取号:I214.72/154] | 在馆 | |
| 5 | 0140987 | 001785287 | 密集书库/ [索取号:I214.72/154] | 在馆 | |
| 6 | 0260188 | 000233884 | 第一样本阅览室/ [索取号:I214.72/154] | 在馆 | |
| 7 | 0260189 | 000233964 | 第二借阅区/ [索取号:I214.72/154] | 在馆 |